000
00295nam a2200121Ia 4500
008
220216s9999 xx 000 0 und d
100
_a
Nekola Ken
245
0
_a
Advanced technology in internal mixers
260
_b
Rubber World
_c
1992
300
_a
P 34-7
700
_a
Asada Mitch
942
_c
JS
999
_c
53865
_d
53865